000 00243nam a22000977a 4500
999 _c5749
_d5749
008 170128b xxu||||| |||| 00| 0 eng d
020 _a9788188553327
100 _92612
_aChugh.R.K
245 _aI.T.Genius Computer-6
260 _aNew delhi
_bGRB
_c2012